<?xml version="1.0" encoding="UTF-8"?>
<collection xmlns="http://www.loc.gov/MARC21/slim">
  <record>
    <leader>00000nam  2200000   4500</leader>
    <controlfield tag="001">INLIS000000000010063</controlfield>
    <controlfield tag="005">20210322115028</controlfield>
    <datafield tag="035" ind1="#" ind2="#">
      <subfield code="a">0010-0321000156</subfield>
    </datafield>
    <controlfield tag="007">ta</controlfield>
    <controlfield tag="008">210322################g##########0#eng##</controlfield>
    <datafield tag="020" ind1="#" ind2="#">
      <subfield code="a">0226363082</subfield>
    </datafield>
    <datafield tag="082" ind1="#" ind2="#">
      <subfield code="a">330</subfield>
    </datafield>
    <datafield tag="084" ind1="#" ind2="#">
      <subfield code="a">330 Hut k</subfield>
    </datafield>
    <datafield tag="100" ind1=" " ind2="#">
      <subfield code="a">Hutchison</subfield>
    </datafield>
    <datafield tag="245" ind1="1" ind2="#">
      <subfield code="a">Knowleadge and ignorance in economics /</subfield>
      <subfield code="c">T.W. Hutchison</subfield>
    </datafield>
    <datafield tag="260" ind1="#" ind2="#">
      <subfield code="a">Oxford :</subfield>
      <subfield code="b">Basil Blackwell,</subfield>
      <subfield code="c">1977</subfield>
    </datafield>
    <datafield tag="300" ind1="#" ind2="#">
      <subfield code="a">186 hal. :</subfield>
      <subfield code="b">ilus. ;</subfield>
      <subfield code="c">22 cm</subfield>
    </datafield>
    <datafield tag="856" ind1="#" ind2="#">
      <subfield code="a">Perpustakaan LAN</subfield>
    </datafield>
    <datafield tag="990" ind1="#" ind2="#">
      <subfield code="a">9483</subfield>
    </datafield>
  </record>
</collection>
